College Quizbowl Stats
College Quizbowl Stats
Circuits
Seasons
Sets
Records
Detailed Stats
About
Loading...
2024 ACF Winter at Online
Tossups
Bonuses
Players
Teams
Categories (Tossup)
Categories (Bonus)
Olivia Smith
Arkansas A
Categories
Category
Powers
Gets
Negs
BBs
Points
Earliest Buzz
Avg. Buzz
First Buzzes
Top 3 Buzzes
BPA
PVF
Fine Arts - Classical Music
0
2
0
2
20
122
122.00
0
0
0.09
1.39
Fine Arts - Other
0
2
0
2
20
129
129.00
0
0
0.00
1.39
Science - Physics
0
0
2
0
-10
0.00
0
0
0.00
0.00
Buzzes
Category
Answer
Value
Buzz Position
Science - Physics
George Gabriel Stokes
-5
27
Science - Physics
George Gabriel Stokes
-5
27
Fine Arts - Classical Music
human voice
10
122
Fine Arts - Classical Music
human voice
10
122
Fine Arts - Other
Rockefeller
10
129
Fine Arts - Other
Rockefeller
10
129
Previous
1
Next